Sources and Methods labour statistics : companion to the yearbaook of labour statistics Vol. 2 Employment, wages, hoursof work and labour cost. (Establishment surveys) Vol. 5 Total and economically active population, employment and unemployment. (Population censuses) Vol. 8 Occupational injuries Vol. 9 Transition countries Vol. 10 Estimates and projections of the economically active population 1950-2010

Bibliographic Details
Format: Serial
Language:English
PhysicalDescription:zv. cm
Published: Geneva International Labour Office 1995-2000
ISBN:9220073501
9220073528
9220107538
9220107754
9220122782
9220073544
9220113716

MARC

LEADER 00000cas a2200000 a 4500
001 vtls001218624
003 SK-MaSNL
005 20260221120812.0
008 180126d19952000sz x 0 0 0eng c
020 |a 9220073501 
020 |a 9220073528 
020 |a 9220107538 
020 |a 9220107754 
020 |a 9220122782 
020 |a 9220073544 
020 |a 9220113716 
035 |a SNK000162337 
040 |a SNK  |b slo  |c SNK  |e AACR2 
041 0 |a eng 
044 |a sz  |c CH 
245 0 0 |a Sources and Methods  |b labour statistics : companion to the yearbaook of labour statistics  |n Vol. 2  |p Employment, wages, hoursof work and labour cost. (Establishment surveys)  |n Vol. 5  |p Total and economically active population, employment and unemployment. (Population censuses)  |n Vol. 8  |p Occupational injuries  |n Vol. 9  |p Transition countries  |n Vol. 10  |p Estimates and projections of the economically active population 1950-2010 
260 |a Geneva  |b International Labour Office  |c 1995-2000 
300 |a zv.  |c cm 
910 |a snk 
919 |a 92-2-007350-1 
919 |a 92-2-007352-8 
919 |a 92-2-010753-8 
919 |a 92-2-010775-4 
919 |a 92-2-012278-2 
919 |a 92-2-007354-4 
919 |a 92-2-011371-6 
999 |c 6579  |d 8509 
952 |0 0  |1 1  |4 0  |7 0  |8 2  |a SNK  |b SNK  |d 1996-07-29  |i snkV 1185/96  |l 0  |o snkČB 5295/2/1995  |p 17A0006816  |r 2005-01-01 00:00:00  |w 2026-02-21  |y PREZ 
952 |0 0  |1 1  |4 0  |7 0  |8 2  |a SNK  |b SNK  |d 1999-06-28  |i snkV 1694/97  |l 0  |o snkČB 5295/5/1996  |p 17A0072162  |r 2005-01-01 00:00:00  |w 2026-02-21  |y PREZ 
952 |0 0  |1 1  |4 0  |7 0  |8 2  |a SNK  |b SNK  |d 1999-06-28  |i snkV 806/99  |l 0  |o snkČB 5295/8/1999  |p 17A0198515  |r 2005-01-01 00:00:00  |w 2026-02-21  |y PREZ 
952 |0 0  |1 1  |4 0  |7 0  |8 2  |a SNK  |b SNK  |d 2000-05-17  |i snkV 728/2000  |l 0  |o snkČB 5292/9/1999  |p 17A0237646  |r 2005-01-01 00:00:00  |w 2026-02-21  |y PREZ 
952 |0 0  |1 1  |4 0  |7 0  |8 2  |a SNK  |b SNK  |d 2001-07-30  |i snkV 1067/2001  |l 0  |o snkČB 5295/10/2000  |p 17A0307801  |r 2005-01-01 00:00:00  |w 2026-02-21  |y PREZ